| 000 | 01413cam a2200385 a 4500 | ||
|---|---|---|---|
| 001 | 13893371 | ||
| 003 | OSt | ||
| 005 | 20140310184236.0 | ||
| 008 | 050309r20052004maua c 000 1 eng | ||
| 010 | _a 2005045787 | ||
| 020 | _a0545001862 | ||
| 040 |
_aDLC _cDLC _dDLC |
||
| 042 | _alcac | ||
| 050 | 0 | 0 |
_aPZ 7 _b.C4383Cla 2007 |
| 100 | 1 |
_aChild, Lauren. _929452 |
|
| 245 | 1 | 0 |
_aClarice Bean spells trouble / _cLauren Child. |
| 250 | _a1st U.S. ed. | ||
| 260 |
_aCambridge, Mass. : _bCandlewick Press, _c2007. |
||
| 300 |
_a188 p. : _bill. ; _c20 cm. |
||
| 521 | _aG9 | ||
| 526 | _c1040 | ||
| 650 | 1 |
_aConduct of life _vFiction. _929453 |
|
| 650 | 1 |
_aFriendship _vFiction. _929454 |
|
| 650 | 1 |
_aAuthorship _vFiction. _929455 |
|
| 650 | 1 |
_aSchools _vFiction. _929456 |
|
| 650 | 1 |
_aFamily life _vFiction. _929457 |
|
| 650 | 1 |
_aHumorous stories. _93831 |
|
| 856 | 4 | 2 |
_3Contributor biographical information _uhttp://www.loc.gov/catdir/enhancements/fy0664/2005045787-b.html |
| 856 | 4 | 2 |
_3Publisher description _uhttp://www.loc.gov/catdir/enhancements/fy0664/2005045787-d.html |
| 856 | 4 | 1 |
_3Sample text _uhttp://www.loc.gov/catdir/enhancements/fy0664/2005045787-s.html |
| 906 |
_a7 _bcbc _corignew _d1 _eocip _f20 _gy-gencatlg |
||
| 942 |
_2lcc _cBK-SCHOLAS |
||
| 999 |
_c33203 _d33203 |
||